Constitución de la Nación Argentina : y normas complementarias. Análisis doctrinal y jurisprudencial. Arts. 1° a 35. Preámbulo. Declaraciones, derechos y garantías, Tomo I /

Guardado en:
Otros Autores: Manili, Pablo L., (coord.)
Formato: Libro
Idioma:Spanish
Publicado: Buenos Aires : Hammurabi, 2009.
Edición:1a. ed.
Materias:
Etiquetas: Agregar Etiqueta
Sin Etiquetas, Sea el primero en etiquetar este registro!
LEADER 00687nam a22001815a 4500
001 DER.der013356
008 180615s2009####|||||||||||||||||#||spa||
005 20231113084002.0
245 1 0 |a Constitución de la Nación Argentina :  |b y normas complementarias. Análisis doctrinal y jurisprudencial.  |c Argentina.  |n Arts. 1° a 35. Preámbulo. Declaraciones, derechos y garantías,  |p Tomo I / 
250 |a 1a. ed. 
260 |a Buenos Aires :  |b Hammurabi,  |c 2009. 
300 |a 1327 p. 
020 |a 9789507414299 
240 1 0 |a Constitución 
700 1 |a Sabsay, Daniel Alberto,  |e dir. 
700 1 |a Manili, Pablo L.,  |e coord. 
650 7 |a CONSTITUCION 
859 |a DERECHO  |b BIB. DERECHO  |h 342.02  |i ARG  |p 008290  |3 Tomo I